书目信息 |
| 题名: |
塞内加尔
|
|
| 作者: | 贝莉埃 著 ;伍协力 译 | |
| 分册: | ||
| 出版信息: | 上海 上海人民出版社 1976.09 |
|
| 页数: | 341页 | |
| 开本: | 20cm | |
| 丛书名: | ||
| 单 册: | ||
| 中图分类: | K434 | |
| 科图分类: | ||
| 主题词: | 西非--历史 | |
| 电子资源: | ||
| ISBN: | ||
| 000 | 00641nam0 2200229 45 | |
| 001 | 0212170843 | |
| 005 | 20031219104102.3 | |
| 010 | @dCNY1.10 | |
| 100 | @a20021217d1976 km y0chiy0120 ea | |
| 101 | 0 | @achi |
| 105 | @ab z 000yy | |
| 200 | 1 | @a塞内加尔@ASai Nei Jia Er@f(法)G·G·贝莉埃著@F(Fa)G·G·Bei Li Ai Zhu@g伍协力等译 |
| 210 | @a上海@c上海人民出版社@d1976.09 | |
| 215 | @a341页@c地图@d20cm | |
| 300 | @a内部读物 | |
| 300 | @a根据巴黎帕约出版社1935年版译出 | |
| 606 | 0 | @a西非@x历史 |
| 690 | @aK434@v3 | |
| 701 | 0 | @a贝莉埃@4著 |
| 702 | 0 | @a伍协力@AWu Xie Li@4译 |
| 801 | @aCN@bTSTC@c20021217 | |
| 905 | @f1@b219137@dK434@e8 | |
| 塞内加尔/(法)G·G·贝莉埃著/伍协力等译.-上海:上海人民出版社,1976.09 |
| 341页:地图;20cm |
| 内部读物.-根据巴黎帕约出版社1935年版译出 |
| ISBN :CNY1.10 |
| ● |
| 相关链接 |
|
|
|
|
正题名:塞内加尔
索取号:K434/8
 
预约/预借
| 序号 | 登录号 | 条形码 | 馆藏地/架位号 | 状态 | 备注 |
| 1 | 0219137 | 001737259 | 第二样本阅览室/ [索取号:K434/8] | 在馆 |